[Event "Edmonton ch reserves"]
[Site "Edmonton CAN"]
[Date "2009.02.12"]
[Round "6"]
[White "Dean, Tim"]
[Black "Amasaib, Magdi"]
[Result "0-1"]
[WhiteElo "1935"]
[BlackElo "1840"]
[PlyCount "128"]
[GameId "2160767910273407"]
[EventDate "2009.01.08"]
[EventType "swiss"]
[EventRounds "7"]
[EventCountry "CAN"]
[SourceTitle "EXT 2011"]
[Source "ChessBase"]
[SourceDate "2011.11.26"]
[SourceVersion "1"]
[SourceVersionDate "2011.11.26"]
[SourceQuality "1"]

1. e4 e5 2. Nf3 Nc6 3. Bb5 d6 4. d4 exd4 5. Nxd4 Bd7 6. Nc3 a6 7. Nxc6 Bxc6 8. Bxc6+ bxc6 9. O-O Nf6 10. Bg5 Be7 11. f4 O-O 12. Qf3 Qb8 13. e5 dxe5 14. fxe5 Nd5 15. Bxe7 Nxe7 16. b3 Qb6+ 17. Kh1 Rad8 18. Rad1 Rxd1 19. Rxd1 Ng6 20. Qe4 Qc5 21. Na4 Qxe5 22. Qxe5 Nxe5 23. Nc5 g6 24. Nxa6 Ra8 25. Re1 Rxa6 26. Rxe5 Rxa2 27. h4 Rxc2 28. Re7 Rb2 29. Rxc7 Rxb3 30. Rxc6 Rb4 31. h5 Rh4+ 32. Kg1 Rxh5 33. Kf2 Rf5+ 34. Kg3 Kg7 35. Kh4 h5 36. Rc4 Kh6 37. g4 g5+ 38. Kg3 h4+ 39. Kh3 Rf3+ 40. Kh2 Kg6 41. Ra4 Rf4 42. Ra6+ f6 43. Kh3 Rf3+ 44. Kh2 Kf7 45. Rb6 Ke7 46. Ra6 Rd3 47. Rb6 Rd6 48. Rb1 Ke6 49. Re1+ Kd5 50. Kh3 Ra6 51. Re3 Ra4 52. Rd3+ Rd4 53. Ra3 Ke5 54. Ra5+ Rd5 55. Ra3 f5 56. gxf5 Kxf5 57. Rf3+ Kg6 58. Ra3 Kh5 59. Ra8 g4+ 60. Kh2 Rd2+ 61. Kh1 h3 62. Ra3 Kh4 63. Rb3 Rd1+ 64. Kh2 g3+ 0-1

[Event "Edmonton ch reserves"]
[Site "Edmonton CAN"]
[Date "2009.02.12"]
[Round "6"]
[White "Razzaq, Ali"]
[Black "MacLeod, Damon"]
[Result "0-1"]
[WhiteElo "1851"]
[BlackElo "1653"]
[PlyCount "72"]
[GameId "2160767910273409"]
[EventDate "2009.01.08"]
[EventType "swiss"]
[EventRounds "7"]
[EventCountry "CAN"]
[SourceTitle "EXT 2011"]
[Source "ChessBase"]
[SourceDate "2011.11.26"]
[SourceVersion "1"]
[SourceVersionDate "2011.11.26"]
[SourceQuality "1"]

1. d4 d5 2. c4 e6 3. Nf3 Nf6 4. e3 c6 5. Nc3 Nbd7 6. Bd3 dxc4 7. Bxc4 b5 8. Bd3 Bd6 9. O-O O-O 10. Qc2 a6 11. e4 e5 12. Bg5 h6 13. Bh4 exd4 14. Nxd4 c5 15. Nf5 Ne5 16. Nxd6 Qxd6 17. Be2 Bb7 18. Bg3 Rfe8 19. f4 Neg4 20. Rad1 Qc6 21. Nd5 c4 22. Nxf6+ Nxf6 23. Bf3 Nxe4 24. Bh4 Qb6+ 25. Kh1 Nc5 26. Bh5 Nd3 27. b3 Rac8 28. bxc4 bxc4 29. Rb1 Qc7 30. f5 Be4 31. f6 Nf4 32. Qd1 Bxg2+ 33. Kg1 Bxf1 34. Qg4 Qc5+ 35. Bf2 Nh3+ 36. Kh1 Nxf2+ 0-1

[Event "Edmonton ch reserves"]
[Site "Edmonton CAN"]
[Date "2009.02.12"]
[Round "6"]
[White "Schech, Roland"]
[Black "Dhingra, Mohit"]
[Result "0-1"]
[WhiteElo "1632"]
[BlackElo "1476"]
[PlyCount "90"]
[GameId "2160767910273410"]
[EventDate "2009.01.08"]
[EventType "swiss"]
[EventRounds "7"]
[EventCountry "CAN"]
[SourceTitle "EXT 2011"]
[Source "ChessBase"]
[SourceDate "2011.11.26"]
[SourceVersion "1"]
[SourceVersionDate "2011.11.26"]
[SourceQuality "1"]

1. e4 c5 2. Nf3 Nc6 3. Bb5 Qb6 4. Nc3 a6 5. Be2 e6 6. O-O Bd6 7. b3 Qc7 8. h3 Nf6 9. Bb2 b5 10. d3 Bb7 11. Nb1 O-O-O 12. Nbd2 h6 13. d4 Be7 14. a4 b4 15. dxc5 e5 16. c3 g5 17. Nh2 Bxc5 18. cxb4 Nxb4 19. Ng4 Nxe4 20. Bxe5 Qc6 21. Bf3 f5 22. Bxh8 Rxh8 23. Rc1 d5 24. Ne3 Nd3 25. Nxe4 dxe4 26. Be2 Nxc1 27. Qxc1 f4 28. Bg4+ Kb8 29. Nc4 e3 30. Bf3 exf2+ 31. Kh1 Qc8 32. Bxb7 Qxb7 33. Qb2 Re8 34. Ne5 Qd5 35. Ng4 Re3 36. Qh8+ Kc7 37. Qg7+ Qd7 38. Qxh6 Re1 39. Qxa6 Bb6 40. a5 Bc5 41. b4 Qc6 42. Qc4 Bxb4 43. Qf7+ Be7 44. Nh2 Qa6 45. Qxe7+ Rxe7 0-1

[Event "Edmonton ch reserves"]
[Site "Edmonton CAN"]
[Date "2009.02.12"]
[Round "6"]
[White "Seehagen, Terry"]
[Black "Thompson, Peter"]
[Result "1-0"]
[WhiteElo "1678"]
[BlackElo "1778"]
[PlyCount "31"]
[GameId "2160767910273411"]
[EventDate "2009.01.08"]
[EventType "swiss"]
[EventRounds "7"]
[EventCountry "CAN"]
[SourceTitle "EXT 2011"]
[Source "ChessBase"]
[SourceDate "2011.11.26"]
[SourceVersion "1"]
[SourceVersionDate "2011.11.26"]
[SourceQuality "1"]

1. e4 c5 2. Nc3 d6 3. f4 Nc6 4. Nf3 g6 5. Bb5 Bg7 6. O-O Bd7 7. Qe1 e5 8. Bc4 Nh6 9. d3 O-O 10. f5 gxf5 11. Bg5 Qc8 12. Qh4 Ng4 13. h3 h6 14. hxg4 fxg4 15. Bxh6 gxf3 16. Qg5 1-0

[Event "Edmonton ch reserves"]
[Site "Edmonton CAN"]
[Date "2009.02.12"]
[Round "6"]
[White "Sequillion, Aaron"]
[Black "Sponga, George"]
[Result "1-0"]
[WhiteElo "1973"]
[BlackElo "1696"]
[PlyCount "71"]
[GameId "2160767910273412"]
[EventDate "2009.01.08"]
[EventType "swiss"]
[EventRounds "7"]
[EventCountry "CAN"]
[SourceTitle "EXT 2011"]
[Source "ChessBase"]
[SourceDate "2011.11.26"]
[SourceVersion "1"]
[SourceVersionDate "2011.11.26"]
[SourceQuality "1"]

1. e4 c5 2. Nf3 e6 3. d4 b6 4. c4 cxd4 5. Nxd4 Bb7 6. Nc3 a6 7. Be3 Bb4 8. f3 Ne7 9. Qb3 Ba5 10. Be2 O-O 11. O-O Nbc6 12. Rfd1 Rb8 13. Nxc6 Bxc6 14. Bf4 Rb7 15. Bd6 Re8 16. a4 Ng6 17. Qa3 Bxc3 18. Qxc3 e5 19. b4 Ra7 20. c5 Nf4 21. Bf1 Qg5 22. Kh1 Re6 23. cxb6 Rb7 24. b5 Rxd6 25. Rxd6 Qe7 26. bxc6 dxc6 27. Qxc6 Ne6 28. Bxa6 Rb8 29. a5 g6 30. b7 Kg7 31. Qd7 Qxd7 32. Rxd7 Nc5 33. Rd6 Nxa6 34. Rxa6 Rxb7 35. Rb6 Ra7 36. a6 1-0

[Event "Edmonton ch reserves"]
[Site "Edmonton CAN"]
[Date "2009.02.12"]
[Round "6"]
[White "Yamach, Ahmet"]
[Black "Zeggelaar, Mike"]
[Result "1/2-1/2"]
[WhiteElo "1894"]
[BlackElo "1857"]
[PlyCount "65"]
[GameId "2160767910273413"]
[EventDate "2009.01.08"]
[EventType "swiss"]
[EventRounds "7"]
[EventCountry "CAN"]
[SourceTitle "EXT 2011"]
[Source "ChessBase"]
[SourceDate "2011.11.26"]
[SourceVersion "1"]
[SourceVersionDate "2011.11.26"]
[SourceQuality "1"]

1. c4 e6 2. d4 f5 3. g3 Nf6 4. Bg2 Be7 5. Nf3 d6 6. O-O O-O 7. Nc3 Nbd7 8. b3 Re8 9. Bb2 Nf8 10. Nd2 e5 11. d5 g5 12. e4 f4 13. f3 Ng6 14. g4 b6 15. h3 Kf7 16. Kf2 Bd7 17. Qc2 Rh8 18. Rh1 h5 19. Qd3 a6 20. a4 hxg4 21. hxg4 Rb8 22. Rxh8 Qxh8 23. Rh1 Nh4 24. Ba3 Qg7 25. b4 Rh8 26. Qb1 Qf8 27. Bh3 Qe8 28. Qd1 Qa8 29. Qe2 Rb8 30. Rc1 Rh8 31. Rh1 Qe8 32. b5 a5 33. Nd1 1/2-1/2

[Event "Edmonton ch reserves"]
[Site "Edmonton CAN"]
[Date "2009.02.19"]
[Round "7"]
[White "Amasaib, Magdi"]
[Black "Stark, Mark"]
[Result "0-1"]
[WhiteElo "1840"]
[BlackElo "1975"]
[PlyCount "134"]
[GameId "2160767910273414"]
[EventDate "2009.01.08"]
[EventType "swiss"]
[EventRounds "7"]
[EventCountry "CAN"]
[SourceTitle "EXT 2011"]
[Source "ChessBase"]
[SourceDate "2011.11.26"]
[SourceVersion "1"]
[SourceVersionDate "2011.11.26"]
[SourceQuality "1"]

1. e4 d5 2. exd5 Qxd5 3. Nc3 Qd6 4. d4 Nf6 5. Nf3 c6 6. g3 Bg4 7. Bg2 e6 8. O-O Be7 9. Bf4 Qd8 10. Qd3 O-O 11. Rad1 Nd5 12. Nxd5 cxd5 13. c4 dxc4 14. Qxc4 Nd7 15. Qb3 Qb6 16. Rd3 Bf5 17. Rc3 Be4 18. Re1 Qxb3 19. Rxb3 Bd5 20. Rbe3 Rfc8 21. a3 Rc2 22. b4 h6 23. R3e2 Rc3 24. Bc1 Rac8 25. Bb2 Rc2 26. Rxc2 Rxc2 27. Bc1 Nb6 28. Ne5 Bxg2 29. Kxg2 Nd5 30. Nd3 b6 31. Kh1 Bf6 32. Be3 Rc3 33. Ne5 Bxe5 34. dxe5 Rxa3 35. Bd2 Rd3 36. Re2 Rd4 37. f4 Nxb4 38. Bxb4 Rxb4 39. Rc2 a5 40. Rc8+ Kh7 41. Rc7 Kg6 42. h4 h5 43. Kg2 a4 44. f5+ Kxf5 45. Rxf7+ Kg6 46. Re7 a3 47. Rxe6+ Kf7 48. Rc6 a2 49. Rc7+ Ke6 50. Ra7 Rb2+ 51. Kf3 Kxe5 52. Ke3 b5 53. Ra5 Kd5 54. Kd3 Kc5 55. Kc3 Rg2 56. Kb3 Kd4 57. Ra7 Ke4 58. Kb4 Kf3 59. Kxb5 Rxg3 60. Rxa2 Kg4 61. Rh2 Rg1 62. Kc4 Kg3 63. Re2 Kxh4 64. Rh2+ Kg4 65. Kd3 h4 66. Ke3 Kg3 67. Rf2 Re1+ 0-1

[Event "Edmonton ch reserves"]
[Site "Edmonton CAN"]
[Date "2009.02.19"]
[Round "7"]
[White "Borger, Rocky"]
[Black "Pedersen, Rick"]
[Result "0-1"]
[WhiteElo "1345"]
[BlackElo "2052"]
[PlyCount "113"]
[GameId "2160767738377105"]
[EventDate "2009.01.08"]
[EventType "swiss"]
[EventRounds "7"]
[EventCountry "CAN"]
[SourceTitle "EXT 2011"]
[Source "ChessBase"]
[SourceDate "2011.11.26"]
[SourceVersion "1"]
[SourceVersionDate "2011.11.26"]
[SourceQuality "1"]

1. d4 g6 2. Nf3 Bg7 3. Bf4 d6 4. e3 Nf6 5. h3 c6 6. Nc3 Qa5 7. Qd2 Nbd7 8. g4 Nb6 9. Rb1 Nbd5 10. Nxd5 Qxd5 11. Bg2 Ne4 12. Qd3 f5 13. c4 Qf7 14. g5 Be6 15. Rc1 h6 16. b3 hxg5 17. Nxg5 Nxg5 18. Bxg5 d5 19. c5 Bf6 20. Bxf6 Qxf6 21. Qd2 O-O-O 22. h4 Rxh4 23. Rxh4 Qxh4 24. Qa5 a6 25. Rc2 Qh2 26. Bf1 Qc7 27. Qd2 Rh8 28. f4 Qd8 29. Qg2 Bf7 30. Qg3 e6 31. Rh2 Kd7 32. Kd1 Qf6 33. Be2 Ke8 34. Bf3 Rxh2 35. Qxh2 Kf8 36. Qg3 Qd8 37. b4 a5 38. a3 axb4 39. axb4 Qa8 40. Qe1 Qa1+ 41. Ke2 Qxe1+ 42. Kxe1 Ke7 43. Kf2 Kf6 44. Kg2 g5 45. fxg5+ Kxg5 46. Kg3 Be8 47. Be2 Bf7 48. Bf3 Kf6 49. Kh4 e5 50. dxe5+ Kxe5 51. Kg5 Be6 52. Bh5 Bd7 53. Bf3 Be8 54. Kh4 f4 55. exf4+ Kxf4 56. Bg4 Ke4 57. Bc8 {..} 0-1

[Event "Edmonton ch reserves"]
[Site "Edmonton CAN"]
[Date "2009.02.19"]
[Round "7"]
[White "Daher, Nayef"]
[Black "Razzaq, Ali"]
[Result "0-1"]
[WhiteElo "1616"]
[BlackElo "1851"]
[PlyCount "62"]
[GameId "2160767910273415"]
[EventDate "2009.01.08"]
[EventType "swiss"]
[EventRounds "7"]
[EventCountry "CAN"]
[SourceTitle "EXT 2011"]
[Source "ChessBase"]
[SourceDate "2011.11.26"]
[SourceVersion "1"]
[SourceVersionDate "2011.11.26"]
[SourceQuality "1"]

1. e4 c6 2. d4 d5 3. e5 Bf5 4. c4 e6 5. cxd5 Qxd5 6. Nc3 Bb4 7. Bd2 Qxd4 8. Nf3 Qb6 9. Be2 Ne7 10. O-O Nd7 11. Be3 Qc7 12. Qb3 Bxc3 13. Qxc3 Nd5 14. Qa3 Nxe5 15. Nxe5 Qxe5 16. Rfe1 Nxe3 17. fxe3 Qc7 18. Rad1 Be4 19. Rd4 f5 20. Bf3 Bd5 21. e4 Qb6 22. Qc3 fxe4 23. Bxe4 O-O-O 24. Kh1 Rhf8 25. Rb4 Qf2 26. h3 Bxe4 27. Rbxe4 Rd2 28. Rg4 Qxe1+ 29. Kh2 g6 30. Rd4 Qe5+ 31. Kg1 Qxd4+ 0-1

[Event "Edmonton ch reserves"]
[Site "Edmonton CAN"]
[Date "2009.02.19"]
[Round "7"]
[White "Dean, Tim"]
[Black "Sequillion, Aaron"]
[Result "1/2-1/2"]
[WhiteElo "1935"]
[BlackElo "1959"]
[PlyCount "103"]
[GameId "2160767910273416"]
[EventDate "2009.01.08"]
[EventType "swiss"]
[EventRounds "7"]
[EventCountry "CAN"]
[SourceTitle "EXT 2011"]
[Source "ChessBase"]
[SourceDate "2011.11.26"]
[SourceVersion "1"]
[SourceVersionDate "2011.11.26"]
[SourceQuality "1"]

1. e4 c5 2. Nf3 e6 3. d4 cxd4 4. Nxd4 Nc6 5. Be3 Nf6 6. Bd3 a6 7. O-O Qc7 8. Nc3 Bb4 9. f4 Bxc3 10. bxc3 O-O 11. Nf3 d6 12. e5 dxe5 13. fxe5 Nxe5 14. Nxe5 Qxe5 15. Bd4 Qg5 16. Rf3 e5 17. Be3 Qh5 18. Rg3 Qxd1+ 19. Rxd1 Kh8 20. Rb1 b5 21. c4 bxc4 22. Bxc4 Bf5 23. Rb6 Bxc2 24. Rxa6 Rxa6 25. Bxa6 Ra8 26. Bc4 Bb1 27. Bxf7 Bxa2 28. Bxa2 Rxa2 29. Rf3 Kg8 30. h3 Kf7 31. Kh2 Ke6 32. Rg3 g6 33. Rf3 e4 34. Rg3 Re2 35. Bh6 Kd5 36. Ra3 Rc2 37. Kg3 Nh5+ 38. Kh2 Rc7 39. Ra2 Rf7 40. Ra3 Kd4 41. Ra4+ Kd3 42. Ra3+ Kc2 43. Ra2+ Kb3 44. Re2 Re7 45. g4 Nf6 46. Bg5 Re6 47. Bxf6 Rxf6 48. Rxe4 Kc3 49. g5 Rf7 50. Kg3 Kd3 51. Re6 Kd4 52. Kg4 1/2-1/2

[Event "Edmonton ch reserves"]
[Site "Edmonton CAN"]
[Date "2009.02.19"]
[Round "7"]
[White "Dhingra, Mohit"]
[Black "Kassam, Jamil"]
[Result "0-1"]
[WhiteElo "1476"]
[BlackElo "1308"]
[PlyCount "118"]
[GameId "2160767910273417"]
[EventDate "2009.01.08"]
[EventType "swiss"]
[EventRounds "7"]
[EventCountry "CAN"]
[SourceTitle "EXT 2011"]
[Source "ChessBase"]
[SourceDate "2011.11.26"]
[SourceVersion "1"]
[SourceVersionDate "2011.11.26"]
[SourceQuality "1"]

1. d4 d5 2. c4 e6 3. Nc3 Nf6 4. e3 Bb4 5. Qa4+ Nc6 6. a3 Bxc3+ 7. bxc3 Ne4 8. Bb2 Bd7 9. cxd5 exd5 10. Qb3 Nf6 11. Nf3 O-O 12. Bd3 Na5 13. Qc2 Qe8 14. Ne5 Ba4 15. Qe2 Nb3 16. Rb1 c5 17. O-O c4 18. Bc2 Nd7 19. f4 f6 20. Nxd7 Qxd7 21. f5 Rfe8 22. Rf3 b5 23. Rh3 a5 24. Qh5 h6 25. Qg6 Qf7 26. Qg3 Nd2 27. Bxa4 Nxb1 28. Bxb5 Reb8 29. Bc6 Rxb2 30. Bxa8 Nxc3 31. Qg6 Rb1+ 32. Kf2 Rb2+ 33. Kf3 Qe7 34. Rh4 Re2 35. Bxd5+ Kf8 36. Re4 Nxe4 37. Kxe2 Nc3+ 38. Kf3 Nxd5 39. e4 Qxa3+ 40. Kg4 Ne3+ 41. Kh5 Nxg2 42. Qxg2 c3 43. e5 Qa4 44. Qe4 c2 45. Qh1 Qe8+ 46. Kg4 Qc8 47. Qc1 Qc3 48. exf6 Qxd4+ 49. Kf3 Qd1+ 50. Qxd1 cxd1=Q+ 51. Kf4 a4 52. Ke5 a3 53. Ke6 a2 54. fxg7+ Kxg7 55. f6+ Kf8 56. h4 a1=Q 57. h5 Qa5 58. f7 Qdd5+ 59. Kf6 Qf5# 0-1

[Event "Edmonton ch reserves"]
[Site "Edmonton CAN"]
[Date "2009.02.19"]
[Round "7"]
[White "Laboucane, Randy"]
[Black "Rekhson, Vladislav"]
[Result "0-1"]
[WhiteElo "1926"]
[BlackElo "2157"]
[PlyCount "64"]
[GameId "2160767910273418"]
[EventDate "2009.01.08"]
[EventType "swiss"]
[EventRounds "7"]
[EventCountry "CAN"]
[SourceTitle "EXT 2011"]
[Source "ChessBase"]
[SourceDate "2011.11.26"]
[SourceVersion "1"]
[SourceVersionDate "2011.11.26"]
[SourceQuality "1"]

1. d4 Nf6 2. Nf3 e6 3. Bf4 c5 4. e3 d5 5. c3 Nc6 6. Nbd2 Nh5 7. Bg5 Be7 8. Bxe7 Qxe7 9. Ne5 Nf6 10. Ndf3 Nd7 11. Nxc6 bxc6 12. Bd3 Rb8 13. O-O c4 14. Bb1 Rxb2 15. Qa4 Nb8 16. e4 O-O 17. Rc1 Qb7 18. Qd1 Nd7 19. e5 g6 20. Rc2 c5 21. Qc1 Rxc2 22. Bxc2 Kg7 23. Rb1 Qa6 24. h4 Qa5 25. Qg5 Qxc3 26. Rc1 Qb2 27. Ba4 f6 28. exf6+ Nxf6 29. Qf4 cxd4 30. Ng5 h6 31. Qc7+ Kg8 32. Re1 hxg5 0-1

[Event "Edmonton ch reserves"]
[Site "Edmonton CAN"]
[Date "2009.02.19"]
[Round "7"]
[White "Schech, Roland"]
[Black "Mendryk, Wayne"]
[Result "1-0"]
[WhiteElo "1632"]
[BlackElo "1468"]
[PlyCount "147"]
[GameId "2160767910273420"]
[EventDate "2009.01.08"]
[EventType "swiss"]
[EventRounds "7"]
[EventCountry "CAN"]
[SourceTitle "EXT 2011"]
[Source "ChessBase"]
[SourceDate "2011.11.26"]
[SourceVersion "1"]
[SourceVersionDate "2011.11.26"]
[SourceQuality "1"]

1. e4 c5 2. Nf3 e6 3. Nc3 Nc6 4. Bb5 Qc7 5. a3 Nf6 6. d4 cxd4 7. Nxd4 a6 8. Be2 Be7 9. Nf3 O-O 10. Qd3 d6 11. Bf4 b5 12. Na2 e5 13. Bd2 Be6 14. Nb4 Bc4 15. Qe3 Ng4 16. Qc3 Nxb4 17. Bxc4 Qxc4 18. Qxc4 bxc4 19. Bxb4 a5 20. Bc3 Nf6 21. Nd2 Nd7 22. Nxc4 a4 23. Bb4 Rfc8 24. Ne3 Rc6 25. Nd5 Kf8 26. Nxe7 Kxe7 27. Kd2 Rac8 28. c3 Nb6 29. Kc2 Ke6 30. Rhd1 d5 31. exd5+ Nxd5 32. Rd3 Nf4 33. Rg3 g6 34. Re1 Rc4 35. b3 axb3+ 36. Kxb3 f5 37. Rg5 Nd3 38. Rd1 Nxb4 39. cxb4 Rc3+ 40. Kb2 Rc2+ 41. Kb3 Rxf2 42. b5 Rcc2 43. Rb1 Rc5 44. Ka4 Rf4+ 45. Rb4 Rd4 46. Rg3 Kd6 47. Rxd4+ exd4 48. Ka5 Rc3 49. Kb4 Rc5 50. a4 Kd5 51. b6 Rc4+ 52. Kb3 Kc5 53. a5 Rb4+ 54. Ka3 Rb5 55. Rb3 Rxa5+ 56. Kb2 Ra8 57. Kc2 Rb8 58. b7 Kc4 59. Rb2 g5 60. Kd2 Kd5 61. Kd3 Ke5 62. Rb4 f4 63. Rb5+ Kf6 64. Kxd4 h6 65. Kc5 h5 66. Kc6 g4 67. Rxh5 f3 68. gxf3 gxf3 69. Rh3 Kg5 70. Rxf3 Kg4 71. Rg3+ Kf4 72. Kc7 Rh8 73. b8=Q Rh7+ 74. Kc6+ 1-0

[Event "Edmonton ch reserves"]
[Site "Edmonton CAN"]
[Date "2009.02.19"]
[Round "7"]
[White "Sponga, George"]
[Black "Gardner, Robert"]
[Result "0-1"]
[WhiteElo "1696"]
[BlackElo "2252"]
[PlyCount "60"]
[GameId "2160767910273421"]
[EventDate "2009.01.08"]
[EventType "swiss"]
[EventRounds "7"]
[EventCountry "CAN"]
[SourceTitle "EXT 2011"]
[Source "ChessBase"]
[SourceDate "2011.11.26"]
[SourceVersion "1"]
[SourceVersionDate "2011.11.26"]
[SourceQuality "1"]

1. f4 d6 2. e3 e5 3. fxe5 dxe5 4. g3 Nf6 5. Be2 Nc6 6. d3 Bd6 7. c3 h5 8. e4 h4 9. g4 h3 10. Bg5 Be6 11. Nd2 Qd7 12. Bxf6 gxf6 13. Nf1 Rh4 14. Ne3 O-O-O 15. Nf3 Rh7 16. Nf5 Rg8 17. Rg1 Bxf5 18. gxf5 Rxg1+ 19. Nxg1 Bc5 20. Kd2 Qd8 21. b4 Bb6 22. b5 Na5 23. Kc2 Rg7 24. Nf3 Rg2 25. Rc1 Be3 26. Rb1 Bf4 27. Rb4 Bxh2 28. Kb1 Bf4 29. Rb2 h2 30. Qh1 Qg8 0-1

[Event "Edmonton ch reserves"]
[Site "Edmonton CAN"]
[Date "2009.02.19"]
[Round "7"]
[White "Thompson, Peter"]
[Black "Procyshyn, Jeff"]
[Result "1-0"]
[WhiteElo "1778"]
[BlackElo "1426"]
[PlyCount "39"]
[GameId "2160767910273422"]
[EventDate "2009.01.08"]
[EventType "swiss"]
[EventRounds "7"]
[EventCountry "CAN"]
[SourceTitle "EXT 2011"]
[Source "ChessBase"]
[SourceDate "2011.11.26"]
[SourceVersion "1"]
[SourceVersionDate "2011.11.26"]
[SourceQuality "1"]

1. e4 e5 2. Nf3 d5 3. exd5 Bd6 4. Bb5+ c6 5. dxc6 Nxc6 6. Nc3 Nf6 7. d3 O-O 8. Bxc6 bxc6 9. O-O Nd5 10. Ne4 Re8 11. c4 Nf4 12. Bxf4 exf4 13. Qa4 Bb7 14. Rfe1 Be7 15. d4 Bf6 16. Nxf6+ Qxf6 17. Qxa7 Re7 18. Qb6 Rd7 19. Ne5 Ra6 20. Nxd7 1-0

[Event "Edmonton ch reserves"]
[Site "Edmonton CAN"]
[Date "2009.02.19"]
[Round "7"]
[White "Wihnon, Jason"]
[Black "Hughey, Micah"]
[Result "0-1"]
[WhiteElo "1718"]
[BlackElo "2206"]
[PlyCount "112"]
[GameId "2160767910273423"]
[EventDate "2009.01.08"]
[EventType "swiss"]
[EventRounds "7"]
[EventCountry "CAN"]
[SourceTitle "EXT 2011"]
[Source "ChessBase"]
[SourceDate "2011.11.26"]
[SourceVersion "1"]
[SourceVersionDate "2011.11.26"]
[SourceQuality "1"]

1. e4 e5 2. f4 Bc5 3. Nf3 d6 4. Bc4 Nf6 5. Nc3 O-O 6. d3 Nc6 7. Na4 Bb6 8. Nxb6 axb6 9. O-O Na5 10. fxe5 dxe5 11. Qe2 Nxc4 12. dxc4 Bg4 13. Rd1 Qe7 14. Bg5 Rfd8 15. Rxd8+ Rxd8 16. Rd1 Rxd1+ 17. Qxd1 Qc5+ 18. Kh1 Nxe4 19. Qd8+ Qf8 20. Qxc7 Bxf3 21. Be7 Bxg2+ 22. Kxg2 Qe8 23. Qxe5 Nc5 24. Qc7 Nd7 25. Qd6 h5 26. b4 Qc8 27. Kg1 Kh7 28. Qd5 Kg8 29. c5 bxc5 30. bxc5 g6 31. c4 Nb8 32. Bf6 Qg4+ 33. Kh1 Nd7 34. Bd4 h4 35. Bf2 Nf6 36. Qd8+ Kg7 37. Bd4 Qf3+ 38. Kg1 h3 39. Qd5 Qe2 40. Bxf6+ Kxf6 41. Qd8+ Qe7 42. Qh8+ Kg5 43. Qxh3 Qe1+ 44. Qf1 Qxf1+ 45. Kxf1 Kf5 46. c6 bxc6 47. Ke2 Ke5 48. Kd3 f5 49. h4 c5 50. a4 Kd6 51. Ke3 Kc6 52. Kf4 Kb6 53. h5 gxh5 54. Kxf5 Ka5 55. Kg5 Kxa4 56. Kxh5 Kb3 0-1

[Event "Edmonton ch reserves"]
[Site "Edmonton CAN"]
[Date "2009.02.19"]
[Round "7"]
[White "Yamach, Ahmet"]
[Black "Lynn, Jim"]
[Result "0-1"]
[WhiteElo "1894"]
[BlackElo "1883"]
[PlyCount "92"]
[GameId "2160767910273424"]
[EventDate "2009.01.08"]
[EventType "swiss"]
[EventRounds "7"]
[EventCountry "CAN"]
[SourceTitle "EXT 2011"]
[Source "ChessBase"]
[SourceDate "2011.11.26"]
[SourceVersion "1"]
[SourceVersionDate "2011.11.26"]
[SourceQuality "1"]

1. c4 Nf6 2. d4 c5 3. d5 b5 4. b3 g6 5. Bb2 Bg7 6. Qc2 d6 7. e4 b4 8. Bd3 Nbd7 9. f4 O-O 10. Nf3 Nb6 11. O-O a5 12. Nbd2 a4 13. h3 axb3 14. axb3 Rxa1 15. Rxa1 Qc7 16. Kh2 Ne8 17. Bxg7 Nxg7 18. Qa2 Bb7 19. Qb2 e6 20. g3 exd5 21. exd5 Bc8 22. Ne4 Ne8 23. Qa2 Qd7 24. Nf2 Ng7 25. Ng4 Ne8 26. Qb2 h5 27. Nf2 Qe7 28. Re1 Qf6 29. Qc2 Qd8 30. Bxg6 fxg6 31. Qxg6+ Ng7 32. Ng5 Bf5 33. Qh6 Rf6 34. Re8+ Nxe8 35. Qxh5 Qe7 36. Qf3 Qg7 37. g4 Bd7 38. Nfe4 Rf8 39. Kg3 Nc8 40. h4 Nf6 41. Nf2 Nh7 42. Nge4 Nf6 43. Ng5 Ne7 44. Kh3 Nh5 45. Nd3 Qd4 46. Ne4 Qxd3 0-1

[Event "Edmonton ch reserves"]
[Site "Edmonton CAN"]
[Date "2009.02.19"]
[Round "7"]
[White "Zeggelaar, Mike"]
[Black "Seehagen, Terry"]
[Result "1/2-1/2"]
[WhiteElo "1857"]
[BlackElo "1678"]
[PlyCount "69"]
[GameId "2160767910273425"]
[EventDate "2009.01.08"]
[EventType "swiss"]
[EventRounds "7"]
[EventCountry "CAN"]
[SourceTitle "EXT 2011"]
[Source "ChessBase"]
[SourceDate "2011.11.26"]
[SourceVersion "1"]
[SourceVersionDate "2011.11.26"]
[SourceQuality "1"]

1. Nc3 d5 2. e3 c5 3. d4 Nc6 4. Nf3 Bg4 5. Be2 Nf6 6. O-O h5 7. Ne5 e6 8. Re1 Bd6 9. Nxc6 bxc6 10. dxc5 Bxc5 11. f3 Bf5 12. b4 Bxb4 13. Qd4 Qa5 14. Bb2 Bc5 15. Qe5 Rd8 16. Qf4 Bxe3+ 17. Qxe3 d4 18. Qg5 dxc3 19. Bc1 O-O 20. Bd3 Rd5 21. Qg3 Bxd3 22. cxd3 Rfd8 23. Bh6 g6 24. Rxe6 Rxd3 25. Rae1 Ng4 26. Re8+ Rxe8 27. Rxe8+ Kh7 28. Bc1 Qb6+ 29. Kf1 Ne3+ 30. Ke2 Nf5 31. Qe5 Ng7 32. Kxd3 Qb1+ 33. Kxc3 Qxc1+ 34. Kb3 Nxe8 35. Qxe8 1/2-1/2

[Event "Edmonton int."]
[Site "Edmonton CAN"]
[Date "2009.12.17"]
[Round "1"]
[White "Esserman, Mark"]
[Black "Antal, Gergely"]
[Result "1-0"]
[WhiteElo "2408"]
[BlackElo "2495"]
[PlyCount "79"]
[GameId "2160767910029989"]
[EventDate "2009.12.17"]
[EventType "tourn"]
[EventRounds "9"]
[EventCountry "CAN"]
[EventCategory "7"]
[SourceTitle "The Week in Chess 789"]
[Source "Mark Crowther"]
[SourceDate "2009.12.21"]
[SourceVersion "1"]
[SourceVersionDate "2009.12.21"]
[SourceQuality "2"]

1. e4 c6 2. d4 d5 3. e5 c5 4. dxc5 Nc6 5. Nf3 Bg4 6. Bb5 Qa5+ 7. Nc3 e6 8. Bd2 Qc7 9. Be3 Nge7 10. h3 Bxf3 11. Qxf3 Qxe5 12. O-O-O Qf6 13. Qg4 Qg6 14. Qa4 Qxg2 15. Qf4 e5 16. Qxe5 O-O-O 17. Bxc6 Nxc6 18. Qf5+ Rd7 19. Rdg1 Qg6 20. Rxg6 hxg6 21. Qg4 d4 22. Rd1 Bxc5 23. Ne2 Rhd8 24. Bf4 b6 25. Qf3 Kb7 26. Bg3 g5 27. a3 a5 28. Kb1 f6 29. Nc1 b5 30. Nd3 Kb6 31. Re1 Re7 32. Rxe7 Bxe7 33. Qf5 Bf8 34. Qe6 a4 35. Nb4 Bxb4 36. axb4 d3 37. Qe3+ Kb7 38. cxd3 Rd5 39. f3 Rd4 40. Bf2 1-0